Fiber-optic communication systems (Record no. 4673)
[ view plain ]
| 000 -LEADER | |
|---|---|
| fixed length control field | 00915 a2200229 4500 |
| 020 ## - INTERNATIONAL STANDARD BOOK NUMBER | |
| International Standard Book Number | 9788126413864 |
| 040 ## - CATALOGING SOURCE | |
| Original cataloging agency | DLC |
| 082 00 - DEWEY DECIMAL CLASSIFICATION NUMBER | |
| Classification number | 621.382/75 |
| 100 1# - MAIN ENTRY--PERSONAL NAME | |
| Personal name | Agrawal, G. P. |
| 245 10 - TITLE STATEMENT | |
| Title | Fiber-optic communication systems |
| Statement of responsibility, etc. | Govind P. Agrawal. |
| 250 ## - EDITION STATEMENT | |
| Edition statement | 3rd ed. |
| 260 ## - PUBLICATION, DISTRIBUTION, ETC. | |
| Place of publication, distribution, etc. | New York : |
| Name of publisher, distributor, etc. | Wiley-Interscience, |
| Date of publication, distribution, etc. | c2002. |
| 300 ## - PHYSICAL DESCRIPTION | |
| Extent | xvii, 546 p. : |
| Other physical details | ill., map ; |
| Dimensions | 25 cm. |
| Accompanying material | + 1 CD-ROM (4 3/4 in.) |
| 440 #0 - SERIES STATEMENT/ADDED ENTRY--TITLE | |
| Title | Wiley series in microwave and optical engineering |
| 500 ## - GENERAL NOTE | |
| General note | "A Wiley-Interscience publication." |
| 650 #0 - SUBJECT ADDED ENTRY--TOPICAL TERM | |
| Topical term or geographic name entry element | Optical communications. |
| 650 #0 - SUBJECT ADDED ENTRY--TOPICAL TERM | |
| Topical term or geographic name entry element | Fiber optics. |
| 856 42 - ELECTRONIC LOCATION AND ACCESS | |
| Materials specified | Contributor biographical information |
| Uniform Resource Identifier | <a href="http://www.loc.gov/catdir/bios/wiley044/2002284080.html">http://www.loc.gov/catdir/bios/wiley044/2002284080.html</a> |
| 856 42 - ELECTRONIC LOCATION AND ACCESS | |
| Materials specified | Publisher description |
| Uniform Resource Identifier | <a href="http://www.loc.gov/catdir/description/wiley036/2002284080.html">http://www.loc.gov/catdir/description/wiley036/2002284080.html</a> |
| 856 42 - ELECTRONIC LOCATION AND ACCESS | |
| Materials specified | Table of contents |
| Uniform Resource Identifier | <a href="http://www.loc.gov/catdir/toc/wiley023/2002284080.html">http://www.loc.gov/catdir/toc/wiley023/2002284080.html</a> |
| 942 ## - ADDED ENTRY ELEMENTS (KOHA) | |
| Koha item type | Book |
| Call number prefix | 621.83014 AGR |
| Source of classification or shelving scheme | |
| Withdrawn status | Lost status | Damaged status | Not for loan | Collection code | Permanent Location | Current Location | Shelving location | Date acquired | Source of acquisition | Cost, normal purchase price | Total Checkouts | Full call number | Barcode | Date last seen | Date last checked out | Price effective from | Koha item type |
|---|---|---|---|---|---|---|---|---|---|---|---|---|---|---|---|---|---|
| Central Library (CL) | Central Library (CL) | General Stacks | 06/04/2009 | Allied Book Company | 696.66 | 1 | 621.83014 AGR | SEECS009506 | 09/07/2021 | 07/30/2021 | 01/05/2017 | Book | |||||
| Central Library (CL) | Central Library (CL) | General Stacks | 06/04/2009 | Allied Book Company | 696.66 | 1 | 621.83014 AGR | SEECS009507 | 08/26/2014 | 08/24/2014 | 01/05/2017 | Book | |||||
| Central Library (CL) | Central Library (CL) | General Stacks | 06/04/2009 | Allied Book Company | 696.66 | 621.83014 AGR | SEECS009509 | 11/14/2012 | 01/05/2017 | Book | |||||||
| Central Library (CL) | Central Library (CL) | General Stacks | 06/04/2009 | Allied Book Company | 696.66 | 1 | 621.83014 AGR | SEECS009508 | 06/15/2014 | 06/15/2014 | 01/05/2017 | Book | |||||
| Central Library (CL) | Central Library (CL) | General Stacks | 01/21/2003 | Book Field | 6327.35 | 621.83014 AGR | SEECS002985 | 11/14/2012 | 01/05/2017 | Book |
